000
00344nam a2200121Ia 4500
008
180129s9999||||xx |||||||||||||| ||und||
020
_c
NT480
_a
978-986-320-806-8
100
_a
齊若蘭
245
0
_c
齊若蘭
_a
創新者們:掀起數位革命的天才、怪傑和駭客
250
_a
一版
260
_c
2015.08
_a
台北市
300
_c
cm.
_a
p.
942
_2
ccl
_c
BOOK
999
_c
221
_d
221